000 00571nam a2200229Ia 4500
003 OSt
005 20220918174427.0
006 a|||||r|||| 00| 0
007 ta
008 220917b |||||||| |||| 00| 0 eng d
024 _a12,092
037 _cTextual
040 _aARTS
_cARTS
_beng
041 _2eng
_aeng
082 _a/\2y7M56, J7 (Y1)
100 _aOsborne Arthur
_950451
245 0 _aIncredible Sai Baba
260 _c1957
650 _aSPIRITUALISM
942 _h/\2y7M56, J7 (Y1)
_cTEXL
_2CC
999 _c153142
_d153142